| 000 | 01028nam a2200277 a 4500 | ||
|---|---|---|---|
| 001 | 000015318 | ||
| 005 | 20200929164018.0 | ||
| 008 | 100205s2008 dr 001 0 spa d | ||
| 020 | _a9993422673 | ||
| 040 |
_aDO-SdBNP _bspa _cBNPHU |
||
| 082 |
_a320.1 _bR457e, 2008 |
||
| 100 | 1 |
_aReyes Cerda, Nelson _910169 |
|
| 245 | 1 | 3 |
_aEl Estado : _bsu origen y evolución. Esclavitud, feudalismo, monarquía / _cNelson Reyes Cerda. |
| 246 | 1 | 4 |
_aEl estado: _bsu origen y evolución |
| 250 | _a2a. ed. | ||
| 260 |
_aSanto Domingo : _bFECON, _bNuevo Diario, _c2008. |
||
| 300 |
_a305 p. ; _c21 cm. |
||
| 490 | 1 | _aEstudios de Derecho Constitucional | |
| 500 | _aIncluye datos biográficos del autor en la contracubierta | ||
| 590 | _aInventariado,2018/DG | ||
| 650 | 4 |
_aEstado _xHistoria _934639 |
|
| 650 | 4 |
_aCiencias políticas _xHistoria _934640 |
|
| 710 | 1 |
_aFundación Educación Constitucional (República Dominicana ) _934641 |
|
| 830 | 0 |
_aEstudios de Derecho Constitucional _99304 |
|
| 910 | _aValidado. Control de calidad MFF | ||
| 999 |
_c14884 _d14884 |
||